League of Legends - Champions Noxus - Statistiques

Statistiques générales
  • Ce quiz a été pris 204 fois
  • Le résultat moyen est 11 sur 21
Statistiques - réponses
Réponse % Correct
Darius
97%
Katarina
91%
Swain
91%
Draven
85%
LeBlanc
78%
Sion
74%
Vladimir
69%
Samira
68%
Talon
66%
Cassiopeia
64%
Mordekaiser
60%
Riven
60%
Kled
58%
Rell
45%
Elise
30%
Kayn
28%
Alistar
18%
Xin Zhao
18%
Annie
16%
Urgot
16%
Karthus
6%
Aucun quiz correspondant
Distribution des résultats
% des personnes avec chaque résultat
Percentile par nombre de réponses
Votre historique - résultats
Vous n’avez pas pris ce quiz